000 00519nam a2200157 i 4500
001 42724
003 ES-MaACL
005 20230906160652.0
007 t|
008 030313s1948 sp ||||1| spa d
100 1 _aCerdá Gómez, Clemente.
_937460
245 1 0 _aC.N.S de Castellón... y su revolución Nacional-Sindicalista /
_cpor Clemente Cerdá Gómez.
260 _aCastellón de la Plana :
_b[s.n.],
_c1948 (
_fTall. de Hijos de F. Armengot)
300 _a65 p. ;
_c21 cm.
852 _aES-MaACL
_j1528-F-9
_bR.26249
999 _c42724
_d42724